| 000 | 00957nam a2200253 a 4500 | ||
|---|---|---|---|
| 001 | 000001376 | ||
| 005 | 20250311111111.0 | ||
| 008 | 040811s1966 ve b 001 0 spa | ||
| 020 | _a1932846050 | ||
| 040 |
_aDO-SdBNP _bspa _cBNPHU |
||
| 041 | 1 | 7 |
_aspa _heng |
| 082 |
_a001.4 _bB571a |
||
| 100 | 1 |
_aBeveridge, W. I. B. _q(William Ian Beardmore), _d1908- _94606 |
|
| 240 | 1 | 3 |
_aThe art of scientific investigation. _lespañol |
| 245 | 1 | 4 |
_aEl arte de la investigación científica / _cby W.I.B. Beveridge; traducción Oswaldo Grillo. |
| 260 |
_aCaracas : _bUniversidad Central de Venezuela , _c1966. |
||
| 300 |
_a269 p. ; _c16 cm. |
||
| 500 | _aOriginally published: Rev. ed. New York : W.W. Norton, c1957. | ||
| 534 |
_aTítulo original : _tThe art of scientific investigation |
||
| 504 | _aIncluye índice e índice analítico | ||
| 650 | 0 |
_a Investigación _92 |
|
| 650 | 4 |
_aMetodología _xInvestigación _94607 |
|
| 700 | 1 |
_aGrillo, Oswaldo _etr. _94608 |
|
| 999 |
_c1300 _d1300 |
||